000 00594nam a2200229Ia 4500
003 OSt
005 20220928104226.0
006 a|||||r|||| 00| 0
007 ta
008 220927b |||||||| |||| 00| 0 eng d
024 _a43439
037 _cTextual
040 _aSDCL
_cSDCL
_beng
041 _2eng
_aeng
082 _aR1:(B), M1
100 _aHao Wang
_9409729
245 0 _aPopular lectures on mathematical logic.
260 _aLondon
_bVan Nostrand Reinhold
_c1981
300 _a273p.
_ccm.
942 _hR1:(B), M1
_cTEXL
_2CC
999 _c725293
_d725293